| 000 | 01014cab a2200373 4500 | ||
|---|---|---|---|
| 001 | ABS50610 | ||
| 008 | 090401t1994 xxu||||| |||| 00| 0 eng d | ||
| 035 | _a(Sirsi) u76658 | ||
| 041 | _aeng | ||
| 245 | _aCentrefolio: NE London & M11 | ||
| 260 | _c1994 | ||
| 350 | _a0 | ||
| 490 |
_aProperty Week _v45(7) 19 May 1994, 33-63(13) |
||
| 650 | _aBISHOPS STORTFORD | ||
| 650 | _aCAMBRIDGE | ||
| 650 | _aDUXFORD | ||
| 650 | _aEPPING | ||
| 650 | _aESSEX | ||
| 650 | _aGRAFTON CENTRE | ||
| 650 | _aHARLOW | ||
| 650 | _aHAVERING | ||
| 650 | _aILFORD | ||
| 650 | _aINDUSTRIAL MARKET | ||
| 650 | _aM11 CORRIDOR | ||
| 650 | _aPROPERTY-COMMERCIAL PROPERTY-OFFICE PROPERTY-OFFICE PROPERTY MARKET | ||
| 650 | _aREDBRIDGE | ||
| 650 | _aPROPERTY-COMMERCIAL PROPERTY-RETAIL PROPERTY-RETAIL PROPERTY MARKET | ||
| 650 | _aROMFORD | ||
| 650 | _aTHURROCK LAKESIDE | ||
| 650 | _aWRENBRIDGE | ||
| 690 | _aPROPERTY-COMMERCIAL PROPERTY-COMMERCIAL PROPERTY MARKET | ||
| 942 | _n0 | ||
| 948 | _c04/03/1997 | ||
| 999 |
_c48168 _d48168 |
||